Three Mexican Painters (Record no. 10039)

MARC details
000 -CABECERA
campo de control de longitud fija 00829nam a2200253 a 4500
001 - NÚMERO DE CONTROL
campo de control BRL_1227
005 - FECHA Y HORA DE LA ÚLTIMA TRANSACCIÓN
campo de control 20190320211108.0
008 - DATOS DE LONGITUD FIJA--INFORMACIÓN GENERAL
campo de control de longitud fija 021213s19uu----mx-a######---#000-0#eng-#
041 ## - CÓDIGO DE LENGUA
Código de lengua del texto/banda sonora o título independiente eng
044 ## - CÓDIGO DEL PAÍS DE LA ENTIDAD EDITORA/PRODUCTORA
Código MARC del país mx
050 #4 - SIGNATURA TOPOGRÁFICA DE LA BIBLIOTECA DEL CONGRESO
Número de clasificación ND255
Número de documento/Ítem .T47 1900
245 10 - MENCIÓN DE TÍTULO
Título Three Mexican Painters
Resto del título Orozco, Rivera, Siqueiros : 18 reproductions in color of famous murals
260 ## - PUBLICACIÓN, DISTRIBUCIÓN, ETC.
Lugar de publicación, distribución, etc. México, D.F.
Nombre del editor, distribuidor, etc. Fischgrund Publishing Co.
Fecha de publicación, distribución, etc. [19--]
300 ## - DESCRIPCIÓN FÍSICA
Extensión 1 portafolio
Otras características físicas il., 18 láminas.
Dimensiones 22 cm.
500 ## - NOTA GENERAL
Nota general Au1424
500 ## - NOTA GENERAL
Nota general Introducción firmada: Justino Fernández
600 14 - PUNTO DE ACCESO ADICIONAL DE MATERIA--NOMBRE DE PERSONA
Nombre de persona Orozco, José Clemente
Fechas asociadas al nombre 1883-1949
9 (RLIN) 9279
600 14 - PUNTO DE ACCESO ADICIONAL DE MATERIA--NOMBRE DE PERSONA
Nombre de persona Rivera, Diego
Fechas asociadas al nombre 1886-1957
9 (RLIN) 1330
600 14 - PUNTO DE ACCESO ADICIONAL DE MATERIA--NOMBRE DE PERSONA
Nombre de persona Alfaro Siqueiros, David
Fechas asociadas al nombre 1896-1974
9 (RLIN) 26184
650 14 - PUNTO DE ACCESO ADICIONAL DE MATERIA--TÉRMINO DE MATERIA
Término de materia o nombre geográfico como elemento de entrada Pintores mexicanos
9 (RLIN) 4220
700 1# - PUNTO DE ACCESO ADICIONAL--NOMBRE DE PERSONA
Nombre de persona Fernández, Justino
9 (RLIN) 906
902 ## - CATALOGADOR
Iniciales GRL
942 ## - ELEMENTOS DE PUNTO DE ACCESO ADICIONAL (KOHA)
Fuente del sistema de clasificación o colocación Library of Congress Classification
Tipo de ítem Koha Libros
Holdings
Estado de retiro Estado de pérdida Estado dañado No para préstamo Localización permanente Ubicación/localización actual Fecha de adquisición Número de inventario Total de préstamos Signatura topográfica completa Código de barras Fecha visto por última vez Precio válido a partir de Tipo de ítem Koha
El ejemplar forma parte de la colección y puede ser consultado según las políticas vigentes.       Biblioteca Centro de Estudios Ruth D. Lechuga Biblioteca Centro de Estudios Ruth D. Lechuga 02/12/2013 Au1424   ND255 .T47 1900 (Au1424) GRL01345 22/03/2019 22/03/2019 Libros